Statistics for Eagles Roster 2022-2023 Offence

Click here to take the quiz!

General Stats

  • This quiz has been taken 54 times
  • The average score is 10 of 12

Answer Stats

PositionAnswer% Correct
QBJalen Hurts
98%
WRA.J. Brown
93%
WRDeVonta Smith
93%
CJason Kelce
93%
TEDallas Goedert
89%
RTLane Johnson
89%
RBBoston Scott
87%
RBMiles Sanders
84%
RBKenneth Gainwell
82%
QBGardner Minshew
80%
LTJordan Mailata
69%
TEGrant Calcaterra
40%

Score Distribution

Percentile by Number Answered

Percent of People with Each Score

Your Score History

You have not taken this quiz